[Event "Heusenstamm Sparkassen op U14 9th"]
[Site "Heusenstamm"]
[Date "2023.11.26"]
[Round "5"]
[White "Pagnozzi, Luca"]
[Black "Lao, Theodora Siyuan"]
[Result "1-0"]
[WhiteElo "901"]
[BlackElo "1153"]
[PlyCount "87"]
[EventDate "2023.11.24"]
[EventType "swiss"]
[EventRounds "7"]
[EventCountry "GER"]
[SourceTitle "EXT 2025"]
[Source "ChessBase"]
[SourceDate "2024.10.14"]
[SourceVersion "1"]
[SourceVersionDate "2024.10.14"]
[SourceQuality "1"]

1. e4 e5 2. Nf3 Nc6 3. Bc4 Nf6 4. Nc3 Bc5 5. d3 h6 6. 0-0 d6 7. h3 0-0 8. Be3 Bb6 9. Qd2 Bxe3 10. fxe3 Be6 11. Bb3 Qd7 12. d4 Rad8 13. d5 Na5 14. dxe6 Nxb3 15. exd7 Nxd2 16. Nxd2 Rxd7 17. Nd5 Nxd5 18. exd5 c6 19. e4 cxd5 20. exd5 Rc8 21. c4 a6 22. b3 b5 23. cxb5 axb5 24. Rac1 Rdc7 25. Rxc7 Rxc7 26. Ne4 Rc2 27. Rf2 Rxf2 28. Kxf2 f5 29. Nxd6 g6 30. Nxb5 Kf7 31. a4 Ke7 32. Nc3 Kd6 33. a5 Kc5 34. b4+ Kxb4 35. a6 Kxc3 36. a7 Kd4 37. a8Q Kc4 38. d6 Kc5 39. d7 Kd4 40. d8R+ Kc5 41. Qc8+ Kb6 42. Rd7 Kb5 43. Rb7+ Ka5 44. Qa8# 1-0